Mixed Word: Begins & Ends with R Quiz Stats

 Plays Quiz not verified by Sporcle

Support Sporcle.
Go Orange.
Score 0/20 Timer 02:00
0 Plays Today
Scrambled Word Answer % Correct
RVIERRIVER
100%
RTOORROTOR
96.7%
RGANERRANGER
91.8%
RAEBRREBAR
90.2%
RGELAURREGULAR
90.2%
RMEBEEMRREMEMBER
88.5%
RDUEDRRUDDER
86.9%
REVELOVRREVOLVER
86.9%
RIAPERREPAIR/RAPIER
82%
RTOPARRAPTOR
78.7%
Scrambled Word Answer % Correct
RSEVOERIRRESERVOIR
77%
REVOCERRECOVER
73.8%
RHASERRASHER
72.1%
RTWETOEILRROTTWEILER
62.3%
ROFERITREGARREFRIGERATOR
59%
RAEGTRISRREGISTRAR
57.4%
RCOTERRECTOR
55.7%
RETOSORROOSTER
55.7%
ROTALERREALTOR/RELATOR
39.3%
RECOPTERRECEPTOR
24.6%

You're not logged in!

Compare scores with friends on all Sporcle quizzes.
OR
Log In

From the Vault

Video Game Trios

by Jengajam

It's always nice to be part of a trio, as long as you're not trying to play four square.
Remove Ads.
Support Sporcle.
Get the best of Sporcle when you Go Orange. This ad-free experience offers more features, more stats, and more fun while also helping to support Sporcle. Thank you for becoming a member.

Show Comments

Extras

Created Mar 4, 2012ReportNominate
Tags:Mixed Word Quiz

Top Quizzes Today


Score Distribution

Your Account Isn't Verified!

In order to create a playlist on Sporcle, you need to verify the email address you used during registration. Go to your Sporcle Settings to finish the process.

Report this User

Report this user for behavior that violates our Community Guidelines.

Details: